Score 0/38 Timer 04:00
0 Plays Today
Clue Word % Correct
Central or HydePARK
79%
Role played by an actorPART
78.2%
Suds, brewskiBEER
69.1%
Fringe benefitPERK
68.1%
Rock music genrePUNK
61.9%
Companion of Shrek and DonkeyPUSS
58.7%
Profoundly wise, or a savory herbSAGE
58.2%
Droops or slumpsSAGS
55.5%
Robin Goodfellow, or a black rubber diskPUCK
53.9%
Preserve by salting, drying, or smokingCURE
52.4%
Feel affection or likingCARE
51.6%
Common door sign in the U.S.PUSH
51.1%
Groaners, 'bad' jokesPUNS
50.1%
Deliberately abrupt and unfriendlyCURT
50%
Songwriting duo Rodgers and ____HART
49.1%
1962 Best Actor Oscar winnerPECK
48.8%
Bric-a-bracJUNK
48.4%
Composes, as a story or letterPENS
46.8%
2003 and 2008 Best Actor Oscar winnerPENN
45.8%
Clue Word % Correct
1995 Best Actor Oscar winnerCAGE
45.2%
Impulsive or recklessRASH
43.2%
Member of the British nobilityPEER
43.1%
Dutch settler of South AfricaBOER
43%
Swiss psychologist Carl Gustav ____JUNG
42.8%
Impudence, cheekSASS
40.2%
1996 Best Actor Oscar winnerRUSH
40.1%
Belt-like strip of cloth or leatherSASH
39.9%
1985 Best Actor Oscar winnerHURT
39.7%
Part of a hammerPEEN
39.2%
Rude, unmannerly personBOOR
33.9%
Pre-reunification German capitalBONN
31.9%
Blessing, godsendBOON
29.2%
Sly in character, or sexually attractiveFOXY
26.3%
Small, round, green beanMUNG
25.5%
Gaunt and angularBONY
23.9%
Adjective often describing Volvo automobilesBOXY
23.5%
2004 Best Actor Oscar winnerFOXX
22.6%
1936 Best Actor Oscar winnerMUNI
13.2%

Today's Daily Dose

Remove Ads.
Support Sporcle.
Get the best of Sporcle when you Go Orange. This ad-free experience offers more features, more stats, and more fun while also helping to support Sporcle. Thank you for becoming a member.

You're not logged in!

Compare scores with friends on all Sporcle quizzes.
OR
Log In

Show Comments

Extras

Top Quizzes Today


Score Distribution

Your Account Isn't Verified!

In order to create a playlist on Sporcle, you need to verify the email address you used during registration. Go to your Sporcle Settings to finish the process.

Report this User

Report this user for behavior that violates our Community Guidelines.

Details: